| 000 | 00626nam a2200193Ia 4500 | ||
|---|---|---|---|
| 005 | 20250423101405.0 | ||
| 008 | 250422s9999 xx 000 0 und d | ||
| 020 | _a9780205830121 | ||
| 050 | _aJA 86 .S39/ | ||
| 100 | _aScott, Gregory M. | ||
| 245 | 4 | _aThe political science student writer's manual | |
| 250 | _a7th ed. | ||
| 260 | _aLongman | ||
| 260 | _bPearson | ||
| 260 | _c 2012 | ||
| 300 | _a197 p | ||
| 650 | _aPolitical science--Authorship--Style manuals. Political science--Research--Handbooks, manuals, etc. Academic writing--Handbooks, manuals, etc. Report writing--Handbooks, manuals, etc. | ||
| 942 | _cBK | ||
| 999 |
_c36170 _d36170 |
||